Manažerské účetnictví

Dokončenie z č. 11/2000. Termín vnútropodniková banka. Vnútropodniková banka ako nástroj vnútropodnikového zodpovednostného riadenia. Príklad.

Gespeichert in:
Bibliographische Detailangaben
1. Verfasser: Brabec, Miroslav
Format: Buchkapitel
Sprache:Tschechisch
Schlagworte:
Tags: Tag hinzufügen
Keine Tags, Fügen Sie das erste Tag hinzu!

MARC

LEADER 00000naa a2200000 4500
001 r040278
005 20230913085218.6
041 0 |a cze 
044 |a CZ 
245 1 0 |a Manažerské účetnictví  |c Miroslav Brabec 
520 |a Dokončenie z č. 11/2000. Termín vnútropodniková banka. Vnútropodniková banka ako nástroj vnútropodnikového zodpovednostného riadenia. Príklad. 
610 2 0 |a účtovníctvo manažérske 
610 2 0 |a pojmy 
610 2 0 |a riadenie vnútropodnikové 
610 2 0 |a účtovníctvo vnútropodnikové 
610 2 0 |a banky vnútropodnikové 
100 1 |a Brabec, Miroslav